[Event "Politiken Cup 31st"]
[Site "Helsingor"]
[Date "2009.07.25"]
[Round "9"]
[White "Nisbet, Alex Ian"]
[Black "Lund, Per"]
[Result "1/2-1/2"]
[WhiteElo "1982"]
[BlackElo "2047"]
[PlyCount "33"]
[EventDate "2009.07.18"]
[EventType "swiss"]
[EventRounds "10"]
[EventCountry "DEN"]
[SourceTitle "CBM 131 Extra"]
[Source "ChessBase"]
[SourceDate "2009.09.03"]
[SourceVersion "2"]
[SourceVersionDate "2009.09.16"]
[SourceQuality "1"]

1. d4 d5 2. Bf4 Nf6 3. e3 e6 4. Nf3 Be7 5. Bd3 0-0 6. Ne5 c5 7. c3 Nc6 8. 0-0 Nxe5 9. dxe5 Nd7 10. Nd2 f5 11. exf6 Bxf6 12. Qh5 g6 13. Bxg6 hxg6 14. Qxg6+ Kh8 15. Qh6+ Kg8 16. Qg6+ Kh8 17. Qh6+ 1/2-1/2

[Event "Gibraltar Challengers"]
[Site "Gibraltar"]
[Date "2009.02.01"]
[Round "1"]
[White "Nisbet, Alex Ian"]
[Black "Erdelyi, Tamas"]
[Result "0-1"]
[WhiteElo "1975"]
[BlackElo "2152"]
[PlyCount "88"]
[EventDate "2009.02.01"]
[EventType "swiss"]
[EventRounds "5"]
[EventCountry "ENG"]
[SourceTitle "CBM 128 Extra"]
[Source "ChessBase"]
[SourceDate "2009.03.05"]
[SourceVersion "2"]
[SourceVersionDate "2009.03.25"]
[SourceQuality "1"]

1. d4 Nf6 2. Nf3 c5 3. e3 b6 4. Be2 Bb7 5. 0-0 g6 6. c3 Bg7 7. Nbd2 0-0 8. b3 Qc7 9. Bb2 d6 10. c4 e6 11. Qc2 Nbd7 12. Rac1 Rac8 13. Qb1 Qb8 14. Rfd1 Qa8 15. Qa1 Rfe8 16. Nf1 cxd4 17. exd4 Nh5 18. Ne1 Nf4 19. Bf3 Bxf3 20. Nxf3 Ne2+ 21. Kh1 Nxc1 22. Rxc1 Nf6 23. Ne3 Nh5 24. Rd1 Qe4 25. d5 e5 26. Qc1 Bh6 27. Re1 Bxe3 28. Rxe3 Qf5 29. Qd1 Qd7 30. Ng5 Qd8 31. Ne4 f5 32. g4 fxe4 33. gxh5 Qh4 34. Rg3 Rf8 35. Qe2 g5 36. Bc1 h6 37. Be3 Rf3 38. Rxf3 exf3 39. Qxf3 Rf8 40. Qe2 Qe4+ 41. Kg1 Rf3 42. b4 Rf4 43. Qd2 Rg4+ 44. Kf1 Qxc4+ 0-1

[Event "Oban op"]
[Site "Oban"]
[Date "2008.11.30"]
[Round "5"]
[White "Schenning, Albert AM"]
[Black "Nisbet, Alex Ian"]
[Result "0-1"]
[WhiteElo "2096"]
[BlackElo "1974"]
[PlyCount "104"]
[EventDate "2008.11.28"]
[EventType "swiss"]
[EventRounds "5"]
[EventCountry "SCO"]
[SourceTitle "EXT 2011"]
[Source "ChessBase"]
[SourceDate "2010.11.26"]
[SourceVersion "1"]
[SourceVersionDate "2010.11.26"]
[SourceQuality "1"]

1. e4 c6 2. d4 d5 3. exd5 cxd5 4. c4 Nf6 5. Nc3 e6 6. Nf3 Nc6 7. c5 Be7 8. Bb5 0-0 9. Bxc6 bxc6 10. 0-0 Nd7 11. Re1 Qc7 12. g3 Bb7 13. Bf4 Qc8 14. b4 Re8 15. a4 Bd8 16. Qd3 Bc7 17. Ng5 Nf8 18. Bxc7 Qxc7 19. f4 f6 20. Nf3 Nd7 21. Ra2 Re7 22. Rae2 Rae8 23. b5 e5 24. bxc6 Bxc6 25. Nb5 Bxb5 26. axb5 e4 27. Qb3 Kf8 28. Qxd5 exf3 29. Rxe7 Rxe7 30. Rxe7 Kxe7 31. Qg8 Qa5 32. Qxg7+ Kd8 33. Kf2 Qxb5 34. Qg8+ Kc7 35. Kxf3 Qd3+ 36. Kg4 Qxd4 37. Qxh7 a5 38. h4 a4 39. c6 Kxc6 40. Qg8 f5+ 41. Kh3 Qd5 42. Qa8+ Kd6 43. Qa6+ Ke7 44. Qe2+ Qe4 45. Qd1 a3 46. Qa1 Qd3 47. h5 Qf3 48. Qg7+ Ke6 49. Qg8+ Ke7 50. Qg7+ Kd8 51. Qg8+ Kc7 52. Qc4+ Qc6 0-1

[Event "Oban op"]
[Site "Oban"]
[Date "2008.11.29"]
[Round "3"]
[White "Green, Andrew"]
[Black "Nisbet, Alex Ian"]
[Result "1-0"]
[WhiteElo "2100"]
[BlackElo "1974"]
[PlyCount "91"]
[EventDate "2008.11.28"]
[EventType "swiss"]
[EventRounds "5"]
[EventCountry "SCO"]
[SourceTitle "EXT 2011"]
[Source "ChessBase"]
[SourceDate "2010.11.26"]
[SourceVersion "1"]
[SourceVersionDate "2010.11.26"]
[SourceQuality "1"]

1. e4 c6 2. d4 d5 3. e5 Bf5 4. Be3 e6 5. Nd2 Nd7 6. Nb3 Rc8 7. f4 Bb4+ 8. c3 Ba5 9. Nxa5 Qxa5 10. Nf3 Ne7 11. Be2 h6 12. 0-0 0-0 13. Nd2 f6 14. b4 Qb6 15. Bf2 Bg6 16. g4 f5 17. Bh4 Rce8 18. g5 h5 19. Bxh5 Kf7 20. Bf3 Rh8 21. Bg3 Rh7 22. Nb3 Reh8 23. Qd3 Qc7 24. a4 Nb6 25. Nd2 Bh5 26. Bh1 Bg4 27. a5 Nd7 28. c4 a6 29. Rfc1 Qb8 30. Qe3 Rc8 31. Rc3 Rhh8 32. Rac1 Qa7 33. cxd5 cxd5 34. Rxc8 Rxc8 35. Rxc8 Nxc8 36. Bxd5 exd5 37. e6+ Ke7 38. exd7+ Kxd7 39. Qe5 Ne7 40. Qxg7 Qb8 41. Nb3 b6 42. axb6 Qxb6 43. Nc5+ Ke8 44. Qh8+ Kf7 45. Nd7 Qxb4 46. Ne5+ 1-0

[Event "EU-chT U18 8th"]
[Site "Szeged"]
[Date "2008.06.21"]
[Round "7"]
[White "Nisbet, Alex Ian"]
[Black "Martinovic, Sasa"]
[Result "0-1"]
[WhiteElo "1979"]
[BlackElo "2403"]
[PlyCount "74"]
[EventDate "2008.06.14"]
[EventType "team-swiss"]
[EventRounds "7"]
[EventCountry "HUN"]
[SourceTitle "EXT 2020"]
[Source "ChessBase"]
[SourceDate "2019.10.17"]
[SourceVersion "1"]
[SourceVersionDate "2019.10.17"]
[SourceQuality "1"]
[WhiteTeam "Scotland U18"]
[BlackTeam "Croatia U18"]
[WhiteTeamCountry "SCO"]
[BlackTeamCountry "CRO"]

1. d4 Nf6 2. Bf4 g6 3. Nf3 Bg7 4. e3 d6 5. h3 0-0 6. Be2 b6 7. 0-0 Bb7 8. c3 Nbd7 9. Nbd2 e6 10. Re1 Qe7 11. Bh2 h6 12. Qc2 Nh7 13. e4 e5 14. Rad1 Kh8 15. dxe5 dxe5 16. Nc4 Rad8 17. Bf1 Ng5 18. Nxg5 Qxg5 19. b4 Bc6 20. Rd2 f5 21. exf5 gxf5 22. h4 Qe7 23. Rxd7 Qxd7 24. Nxe5 Bxe5 25. Bxe5+ Kh7 26. Bd4 Rde8 27. Be5 Be4 28. Rxe4 fxe4 29. Qxe4+ Qf5 30. Qxf5+ Rxf5 31. Bxc7 Re1 32. g4 Rf3 33. Kg2 Rxc3 34. Bb8 Ra3 35. Bc4 Re4 36. Bb3 Rxg4+ 37. Kh3 Rxb4 0-1

[Event "EU-chT U18 8th"]
[Site "Szeged"]
[Date "2008.06.16"]
[Round "3"]
[White "Nisbet, Alex Ian"]
[Black "Mader, Manuela"]
[Result "0-1"]
[WhiteElo "1979"]
[BlackElo "2161"]
[PlyCount "58"]
[EventDate "2008.06.14"]
[EventType "team-swiss"]
[EventRounds "7"]
[EventCountry "HUN"]
[SourceTitle "EXT 2020"]
[Source "ChessBase"]
[SourceDate "2019.10.17"]
[SourceVersion "1"]
[SourceVersionDate "2019.10.17"]
[SourceQuality "1"]
[WhiteTeam "Scotland U18"]
[BlackTeam "Germany U18"]
[WhiteTeamCountry "SCO"]
[BlackTeamCountry "GER"]

1. d4 Nf6 2. Bf4 g6 3. Nf3 Bg7 4. e3 d6 5. Be2 Nh5 6. Bg5 h6 7. Bh4 g5 8. Bg3 Nxg3 9. hxg3 e6 10. c3 Nd7 11. Nbd2 d5 12. Qc2 f5 13. 0-0-0 0-0 14. Ne5 Nxe5 15. dxe5 Bd7 16. Nb3 Qe7 17. g4 f4 18. exf4 Rxf4 19. f3 c5 20. Rdf1 b5 21. g3 Ra4 22. Kb1 c4 23. Nd4 b4 24. f4 Rb8 25. fxg5 bxc3 26. Qxc3 Rab4 27. gxh6 Rxb2+ 28. Ka1 Bxe5 29. Qe3 Rxe2 0-1

[Event "Oban op"]
[Site "Oban"]
[Date "2007.12.02"]
[Round "4"]
[White "Nisbet, Alex Ian"]
[Black "Cilia Vincenti, David"]
[Result "0-1"]
[WhiteElo "1886"]
[BlackElo "2053"]
[PlyCount "104"]
[EventDate "2007.11.30"]
[EventType "swiss"]
[EventRounds "5"]
[EventCountry "SCO"]
[SourceTitle "EXT 2023"]
[Source "ChessBase"]
[SourceDate "2022.10.05"]
[SourceVersion "1"]
[SourceVersionDate "2022.10.05"]
[SourceQuality "1"]

1. d4 Nf6 2. Nf3 c5 3. e3 cxd4 4. exd4 d5 5. Bd3 g6 6. 0-0 Bg7 7. c3 0-0 8. Bf4 Bf5 9. Bxf5 gxf5 10. Ne5 Nc6 11. Re1 e6 12. Re3 Nxe5 13. dxe5 Ng4 14. Rg3 Kh8 15. h3 Bxe5 16. Rxg4 fxg4 17. Bxe5+ f6 18. Bg3 gxh3 19. gxh3 e5 20. Nd2 Qe7 21. Qe2 Rae8 22. Re1 Qd7 23. Qh5 Rg8 24. Kh2 Rg5 25. Qh6 Qf5 26. h4 Rxg3 27. fxg3 Qf2+ 28. Kh3 Qxe1 29. Qxf6+ Kg8 30. Qg5+ Kf7 31. Qf5+ Ke7 32. Qg5+ Kd7 33. Qf5+ Kd8 34. Qf6+ Kc8 35. Qf7 Rd8 36. Qf5+ Kb8 37. Nf3 Qe4 38. Qxe5+ Qxe5 39. Nxe5 Re8 40. Nd7+ Kc7 41. Nf6 Re2 42. Nxh7 Rxb2 43. Nf6 Rxa2 44. h5 Rf2 45. Nxd5+ Kd6 46. c4 a5 47. Kh4 Ke5 48. Kg5 a4 49. Nb4 Rh2 50. g4 Kd4 51. Nd5 a3 52. Ne7 a2 0-1

[Event "Oban op"]
[Site "Oban"]
[Date "2007.12.01"]
[Round "2"]
[White "Nisbet, Alex Ian"]
[Black "Wilman, John"]
[Result "1/2-1/2"]
[WhiteElo "1886"]
[BlackElo "1665"]
[PlyCount "83"]
[EventDate "2007.11.30"]
[EventType "swiss"]
[EventRounds "5"]
[EventCountry "SCO"]
[SourceTitle "EXT 2023"]
[Source "ChessBase"]
[SourceDate "2022.10.05"]
[SourceVersion "1"]
[SourceVersionDate "2022.10.05"]
[SourceQuality "1"]

1. d4 Nf6 2. Nf3 e6 3. Bf4 d5 4. e3 Bd6 5. Ne5 Nbd7 6. Nd2 0-0 7. Bd3 Ne8 8. 0-0 Bxe5 9. dxe5 f5 10. Qh5 Nc5 11. Rfd1 Nxd3 12. cxd3 Qe7 13. h3 g6 14. Qh6 Rf7 15. Nf3 Qf8 16. Qh4 Bd7 17. Rac1 Rc8 18. Bh6 Qe7 19. Qg3 Ng7 20. Bg5 Qb4 21. Bf6 Nh5 22. Qh4 Qxh4 23. Bxh4 h6 24. Kh2 c5 25. g4 fxg4 26. hxg4 Rxf3 27. gxh5 g5 28. Kg2 Rcf8 29. Bg3 b6 30. b3 Bb5 31. Rd2 R3f7 32. Rdd1 Ba6 33. Rd2 Rf5 34. d4 c4 35. Kh3 b5 36. b4 Kh7 37. Rc3 R8f7 38. Ra3 Bc8 39. Rc2 Rg7 40. Kg4 a6 41. Ra5 Rgf7 42. Ra3 1/2-1/2

[Event "SCO-ch"]
[Site "Cumbernauld"]
[Date "2007.07.15"]
[Round "9"]
[White "Nisbet, Alex Ian"]
[Black "Spencer, Edwin A"]
[Result "0-1"]
[WhiteElo "1952"]
[BlackElo "2203"]
[PlyCount "62"]
[EventDate "2007.07.07"]
[EventType "tourn"]
[EventRounds "9"]
[EventCountry "SCO"]
[SourceTitle "CBM 119 Extra"]
[Source "ChessBase"]
[SourceDate "2007.09.04"]
[SourceVersion "1"]
[SourceVersionDate "2007.09.04"]
[SourceQuality "1"]

1. d4 Nf6 2. Nf3 c5 3. c3 b6 4. g3 Bb7 5. Bg2 g6 6. 0-0 Bg7 7. Qb3 Na6 8. Ne5 d5 9. Qa4+ Nd7 10. Bh3 e6 11. Na3 f6 12. Nb5 Ke7 13. Qxa6 Bxa6 14. Nc6+ Ke8 15. Nxd8 Kxd8 16. a4 Re8 17. Rd1 cxd4 18. Nxd4 f5 19. Bg2 Bxd4 20. Rxd4 Bxe2 21. b4 Ke7 22. Bg5+ Kf7 23. Re1 Bc4 24. Rxc4 dxc4 25. Bxa8 Rxa8 26. Kg2 e5 27. Rd1 Ke6 28. Be3 Nf6 29. f3 Nd5 30. Bd2 Rd8 31. Re1 Nxb4 0-1

[Event "SCO-ch"]
[Site "Cumbernauld"]
[Date "2007.07.11"]
[Round "5"]
[White "Nisbet, Alex Ian"]
[Black "Marks, Ian Alexander"]
[Result "1/2-1/2"]
[WhiteElo "1952"]
[BlackElo "1932"]
[PlyCount "139"]
[EventDate "2007.07.07"]
[EventType "tourn"]
[EventRounds "9"]
[EventCountry "SCO"]
[SourceTitle "CBM 119 Extra"]
[Source "ChessBase"]
[SourceDate "2007.09.04"]
[SourceVersion "1"]
[SourceVersionDate "2007.09.04"]
[SourceQuality "1"]

1. d4 Nf6 2. Nf3 g6 3. Bf4 Bg7 4. e3 0-0 5. Be2 d6 6. h3 Nbd7 7. c3 Qe8 8. 0-0 e5 9. Bh2 e4 10. Nfd2 Qe7 11. Na3 Re8 12. Qb3 Nf8 13. c4 h5 14. c5 d5 15. Nb5 Ne6 16. Nc3 c6 17. Bd6 Qd8 18. Rfc1 Ng5 19. Bf1 Bf8 20. Bf4 Ne6 21. Bh2 Bh6 22. Qd1 Nh7 23. b4 Qg5 24. Ne2 Bd7 25. Nf4 Qf6 26. Nxe6 Qxe6 27. a4 f5 28. b5 Nf6 29. Be5 Rf8 30. bxc6 Bxc6 31. Bb5 Nd7 32. Bd6 Rf7 33. Nf1 f4 34. exf4 Bxf4 35. Bxf4 Rxf4 36. Ne3 Raf8 37. Ra2 Qf6 38. Rcc2 Rf7 39. Bf1 Qe7 40. Rcb2 Nf8 41. a5 a6 42. Rb6 Qd7 43. Rab2 Ne6 44. R6b4 Ng7 45. Qe1 R4f6 46. R4b3 Nf5 47. Nxf5 Rxf5 48. Rg3 Kh7 49. Qe3 Qd8 50. Ra2 g5 51. Rb2 Rf4 52. Qe1 Qf6 53. Qd2 g4 54. Re3 h4 55. hxg4 Rxg4 56. Rh3 Kg7 57. Qe3 Qg6 58. Kh2 Bb5 59. Kg1 Rf3 60. Rxf3 exf3 61. Qxf3 Bc6 62. Re2 Rxd4 63. Re7+ Kg8 64. Qh3 Qg4 65. Qe3 Re4 66. Rxe4 dxe4 67. Qh6 Qd1 68. Qxh4 Bb5 69. Qg5+ Kh7 70. Qe7+ 1/2-1/2

[Event "SCO-ch"]
[Site "Cumbernauld"]
[Date "2007.07.10"]
[Round "4"]
[White "Hilton, Stephen H"]
[Black "Nisbet, Alex Ian"]
[Result "1/2-1/2"]
[WhiteElo "1992"]
[BlackElo "1952"]
[PlyCount "20"]
[EventDate "2007.07.07"]
[EventType "tourn"]
[EventRounds "9"]
[EventCountry "SCO"]
[SourceTitle "CBM 119 Extra"]
[Source "ChessBase"]
[SourceDate "2007.09.04"]
[SourceVersion "1"]
[SourceVersionDate "2007.09.04"]
[SourceQuality "1"]

1. d4 Nf6 2. Nf3 d5 3. c4 e6 4. Nc3 c6 5. e3 Be7 6. Bd3 Nbd7 7. 0-0 0-0 8. b3 Re8 9. Bb2 Nf8 10. e4 dxe4 1/2-1/2

[Event "SCO-ch"]
[Site "Cumbernauld"]
[Date "2007.07.07"]
[Round "1"]
[White "Nisbet, Alex Ian"]
[Black "Muir, Andrew Joseph"]
[Result "0-1"]
[WhiteElo "1952"]
[BlackElo "2350"]
[PlyCount "84"]
[EventDate "2007.07.07"]
[EventType "tourn"]
[EventRounds "9"]
[EventCountry "SCO"]
[SourceTitle "CBM 119 Extra"]
[Source "ChessBase"]
[SourceDate "2007.09.04"]
[SourceVersion "1"]
[SourceVersionDate "2007.09.04"]
[SourceQuality "1"]

1. d4 d5 2. Nf3 Nf6 3. Bf4 c5 4. c3 Nc6 5. e3 Qb6 6. Qc2 g6 7. Nbd2 Bf5 8. dxc5 Qxc5 9. Bd3 Bxd3 10. Qxd3 Bg7 11. Nb3 Qb6 12. Bg5 Rd8 13. Bxf6 Bxf6 14. 0-0 0-0 15. e4 dxe4 16. Qxe4 Rd7 17. Rad1 Rfd8 18. Rxd7 Rxd7 19. Qa4 Rd5 20. h3 a6 21. Qe4 Qd8 22. Re1 Qd6 23. Qg4 e6 24. Na1 b5 25. Nc2 Bg7 26. Ne3 f5 27. Qh4 Rd3 28. Rc1 e5 29. Ne1 Bf6 30. Qg3 Rd2 31. Nxf5 Qe6 32. Nh6+ Kg7 33. Ng4 Rxb2 34. Rd1 Rxa2 35. Nd3 Qd5 36. Qe3 Be7 37. Re1 e4 38. Qh6+ Kg8 39. Nf4 Qf5 40. Ne6 Qxe6 41. Qf4 Ra4 42. Re3 Ra1+ 0-1

[Event "Oban op"]
[Site "Oban"]
[Date "2006.12.01"]
[Round "1"]
[White "Nisbet, Alex Ian"]
[Black "Spencer, Edwin A"]
[Result "0-1"]
[WhiteElo "1865"]
[BlackElo "2203"]
[PlyCount "48"]
[EventDate "2006.12.01"]
[EventType "swiss"]
[EventRounds "5"]
[EventCountry "SCO"]
[SourceTitle "EXT 2008"]
[Source "ChessBase"]
[SourceDate "2007.11.25"]
[SourceVersion "1"]
[SourceVersionDate "2007.11.25"]
[SourceQuality "1"]

1. d4 Nf6 2. Nf3 c5 3. c3 d5 4. Bf4 Nc6 5. e3 Bg4 6. Nbd2 e6 7. Bd3 Bd6 8. Bxd6 Qxd6 9. 0-0 0-0 10. Re1 Rfd8 11. Rc1 Rab8 12. Bb1 Bh5 13. Qe2 e5 14. dxc5 Qxc5 15. e4 b5 16. exd5 Nxd5 17. Ne4 Qe7 18. Rcd1 b4 19. cxb4 Nd4 20. Qd3 Bxf3 21. gxf3 Nf4 22. Qe3 Qh4 23. Kh1 Qh3 24. Rg1 Nxf3 0-1